| 000 | 00500nam a2200157 i 4500 | ||
|---|---|---|---|
| 001 | 55210 | ||
| 003 | ES-MaACL | ||
| 005 | 20230906163112.0 | ||
| 007 | t| | ||
| 008 | 030916s1910 fr ||||1| fre d | ||
| 100 | 1 |
_aDelvolve, Jean. _943607 |
|
| 245 | 1 | 0 |
_aRationalisme et tradition _b: recherches des conditions d'efficacité d'un morale laigne / _cpar Jean Delvolvé. |
| 260 |
_aParis : _b[s.n.], _c1910 ( _eTours : _fE. Arrault et Cie) |
||
| 300 |
_a180 p. ; _c18 cm. |
||
| 852 |
_aES-MaACL _jF-11865 |
||
| 999 |
_c55210 _d55210 |
||